000
00266nam a2200109Ia 4500
008
220713s9999 xx 000 0 und d
020
_a
978 0 7496 2015 3
082
_a
J 612.76 YOUR
100
_a
No author, editors only
245
0
_a
Your Body: Bones
942
_c
BK
_w
561
_x
John Tresidder
_y
561
_z
John Tresidder
999
_c
707801
_d
707800